Migration trafficking and gender construction women in transition: (Record no. 173933)

MARC details
000 -LEADER
fixed length control field 00604nam a22001817a 4500
005 - DATE AND TIME OF LATEST TRANSACTION
control field 20200312131410.0
010 ## - LCCN (DPL NO)
LC control number ENG-128014
020 ## - INTERNATIONAL STANDARD BOOK NUMBER
International Standard Book Number 9789381345474
Terms of availability 1095.00
035 ## - SYSTEM CONTROL NUMBER
System control number EN-111546
037 ## - SOURCE OF ACQUISITION
Source of stock number/acquisition DBAD/PUB
082 ## - DEWEY DECIMAL CLASSIFICATION NUMBER
Classification number 305.48966
245 ## - TITLE STATEMENT
Title Migration trafficking and gender construction women in transition:
Statement of responsibility, etc edited by Roli Misra
260 ## - PUBLICATION, DISTRIBUTION, ETC. (IMPRINT)
Place of publication, distribution, etc New Delhi
Name of publisher, distributor, etc Sage Publication India
Date of publication, distribution, etc 2020
270 ## - ADDRESS
Address B1/1-1 Mohan Cooperative Industrial Area Mathura Road
City New Delhi
Postal code 110044
300 ## - PHYSICAL DESCRIPTION
Extent xvii;226p.
Dimensions 22cm(hb)
700 ## - ADDED ENTRY--PERSONAL NAME
Personal name Misra,Roli
942 ## - ADDED ENTRY ELEMENTS (KOHA)
Source of classification or shelving scheme Dewey Decimal Classification
Item type English Books
Classification part 305.48966
Call number suffix MIS
Holdings
Withdrawn status Lost status Not for loan Collection code Home library Current library Date acquired Source of acquisition Cost, normal purchase price Full call number Barcode Copy number Cost, replacement price Koha item type
      Non-fiction Central Library Central Library 12/03/2020 DBAD/PUB 1095.00 305.48966 MIS EN-111546 1 1095.00 English Books

© Delhi Public Library
Hit Counter
free hit counter